Na kytaru bez not

Hlavní autor: Urban, Štěpán, 1913-1974
Jazyk: Čeština
Vydáno: Praha : Panton, 1974
Vydání: 8. vyd.
Externí odkaz: Digitalizovaný dokument
Fyzický popis: 32 s.
Hudebniny Hudebniny
Uloženo v:
LEADER 00914ncm a22002532a 4500
001 001078492
003 CZ BrMZK
005 20100920105446.0
007 qu
008 091208s1974 xr |||||||||||||||||cze d
015 |a cnb001717082 
040 |a BOA001  |b cze 
072 7 |a 787  |x Hudba pro strunné a smyčcové nástroje  |2 Konspekt  |9 9 
100 1 |a Urban, Štěpán,  |d 1913-1974  |7 jk01140830  |4 aut 
245 1 0 |a Na kytaru bez not  |h [hudebnina] /  |c Štěpán Urban 
250 |a 8. vyd. 
260 |a Praha :  |b Panton,  |c 1974 
300 |a 32 s. 
500 |a Dostupné též v digitální podobě v aplikaci Kramerius 
856 4 1 |u http://www.digitalniknihovna.cz/mzk/uuid/uuid:56c4b3f0-7e83-11ec-b93a-5ef3fc9bb22f  |y Digitalizovaný dokument  |x NDK 
910 |a BOA001  |b Mus2-0463.442-74 
990 |a MU 
991 |b 200912 
996 6 |b 2619437297  |c Mus2-0463.442-74  |l MZK  |r Sklad / do 1 hodiny  |n 0  |w 001100162  |u 000010  |a 1  |e BOA001  |j MZK50  |s P